000 00340nam a2200133Ia 4500
008 240624s9999 xx 000 0 und d
041 _aeng
082 _a658.1 BER
100 _aBERGAMIN STEPHAN
245 _aMERGERS AND ACQUISITIONS INTEGRATION AND
260 _c2018
_aSwitzerland
_bSpringer
300 _a98p.;23cm.
365 _cERU
_b33
999 _c32706
_d32706